000 01133nam a2200301 i 4500
001 000017731
003 DO-SdBNP
005 20260526094021.0
007 ta
008 100331s1959 dr 001 0cspa d
040 _aDO-SdBNP
_bspa
_cBNPHU
_erda
041 _aspa
082 4 _a920.729356
_bM149s
_222
100 1 _aMachado Báez, Manuel A.,
_eautor
_4aut.
_938585
245 1 0 _aSantiagueses ilustres de la colonia /
_cManuel A. Machado Báez.
246 _aVisión panorámica de las letras coloniales en Santiago 1518-1822
264 1 _aCiudad Trujillo, República Dominicana :
_bImpresora Dominicana,
_c1959.
300 _a192 páginas ;
_c22 cm.
336 _atexto
_btxt
_2rdacontent
337 _asin mediación
_bn
_2rdamedia
338 _avolumen
_bnc
_2rdacarrier
590 _aInventariado, 2024/DG
650 4 _aGenealogía
_zSantiago de los Caballeros (República Dominicana)
_938586
650 4 _aCiudades y pueblos
_zRepública Dominicana
_xHistoria
_912424
651 4 _aSantiago de los Caballeros (Republica Dominicana)
_xHistoria local
_98269
910 _aValidado. Control de calidad EMS
942 _2ddc
_cLBS1
999 _c17256
_d17256